Dosky na báze konopného pazderia - materiál zdravého a udržateľného staviteľstva

Saved in:
Bibliographic Details
Main Author: Stratený, Oskar (Author)
Other Authors: Golian Struhárová, Alena (Thesis advisor)
Format: Manuscript Book
Language:Slovak
Published: 2024
Subjects:
Online Access:http://is.stuba.sk/zp/portal_zp.pl?podrobnosti=175969
https://opac.crzp.sk/?fn=detailBiblioForm&sid=AA0D9432EF6DE826CD12174F11D3
Tags: Add Tag
No Tags, Be the first to tag this record!

MARC

LEADER 00000ntm a22000003a 4500
001 stuzp99115
003 SK-STU
005 20240927115604.9
007 ta
008 150427s2015----xo-----f-mn---000-0-slo-d
040 |a STU  |b slo 
041 0 |a slo 
100 1 |a Stratený, Oskar  |u 010200  |4 aut  |U SvF Stavebná fakulta  |T SvF Katedra materiálového inžinierstva a fyziky  |X 106097  |U V200  |Y 844  |7 106097 
242 0 1 |a Planks made of hemp hurd - a material for healthy and sustainable construction  |y eng 
245 1 0 |a Dosky na báze konopného pazderia - materiál zdravého a udržateľného staviteľstva 
260 |c 2024 
650 4 |a konopné pazderie  |2 slo 
650 4 |a hustota  |2 slo 
650 4 |a pevnosť v ohybe  |2 slo 
650 4 |a súčiniteľ tepelnej vodivosti  |2 slo 
650 4 |a udžateľnosť  |2 slo 
650 4 |a konopa siata  |2 slo 
650 4 |a cirkulárna ekonomika  |2 slo 
650 4 |a hemp  |2 eng 
650 4 |a hemp hurd  |2 eng 
650 4 |a density  |2 eng 
650 4 |a bending strength  |2 eng 
650 4 |a coefficient thermal conductivity  |2 eng 
650 4 |a sustainability  |2 eng 
650 4 |a circular economy  |2 eng 
700 1 |a Golian Struhárová, Alena  |u 010200  |k Z1  |4 ths  |U SvF Stavebná fakulta  |T SvF Katedra materiálového inžinierstva a fyziky  |X 916  |U V200  |Y 844  |7 A000000916 
856 4 |u http://is.stuba.sk/zp/portal_zp.pl?podrobnosti=175969 
856 4 |u https://opac.crzp.sk/?fn=detailBiblioForm&sid=AA0D9432EF6DE826CD12174F11D3